| 000 | 00451nab a2200145Ia 4500 | ||
|---|---|---|---|
| 003 | ES-SlBCS | ||
| 005 | 20210601144103.0 | ||
| 008 | 140529s1974 xxu||||| |||| 00| 0 spa d | ||
| 041 | _aspa | ||
| 100 | 1 |
_aAlemany, José Joaquín _978180 |
|
| 245 | 0 | 0 |
_aAnte los anhelos del mundo contemporáneo _c José Joaquín Alemany |
| 650 | 0 | 4 |
_aMundo Contemporáneo _9155656 |
| 773 | 0 |
_tRazon y Fe _gvol. 189, nº. 916, 1974, págs. 439-448 _wRev337 |
|
| 942 | _cAR | ||
| 999 |
_c702860 _d702860 |
||